[Event "EU Univ rapid op (Women)"]
[Site "Budapest"]
[Date "2019.07.25"]
[Round "2"]
[White "Miseta, Nora"]
[Black "Shuvalova, Polina"]
[Result "0-1"]
[WhiteElo "1762"]
[BlackElo "2418"]
[PlyCount "70"]
[EventDate "2019.07.25"]
[EventType "team-swiss (rapid)"]
[EventRounds "7"]
[EventCountry "HUN"]
[SourceTitle "EXT 2020"]
[Source "ChessBase"]
[SourceDate "2019.10.17"]
[SourceVersion "1"]
[SourceVersionDate "2019.10.17"]
[SourceQuality "1"]
[WhiteTeam "Pecs Univ (W)"]
[BlackTeam "Ural State Mining Univ (W)"]
[WhiteTeamCountry "HUN"]
[BlackTeamCountry "RUS"]

1. e4 c6 2. d4 d5 3. Nc3 dxe4 4. Nxe4 Bf5 5. Nc5 b6 6. Nb3 Nf6 7. Nf3 e6 8. Bd3 Bxd3 9. Qxd3 Be7 10. 0-0 0-0 11. Bg5 Nbd7 12. Rad1 h6 13. Bh4 Qc7 14. Bg3 Qb7 15. Rfe1 Rfd8 16. Qc3 a5 17. a3 Rac8 18. Ne5 a4 19. Nd2 c5 20. Qf3 Qxf3 21. Ndxf3 cxd4 22. Nxd4 Nxe5 23. Bxe5 Ng4 24. Bg3 Bf6 25. Re4 Rxc2 26. Rxg4 Rxd4 27. Rgxd4 Bxd4 28. h3 e5 29. Kh1 g5 30. h4 Kg7 31. hxg5 hxg5 32. f4 gxf4 33. Bxf4 Rxb2 34. Bc1 Ra2 35. Kh2 Ra1 0-1

[Event "HUN-chT U18"]
[Site "Budapest"]
[Date "2015.08.29"]
[Round "7.18"]
[White "Miseta, Nora"]
[Black "Kovacsy, Barnabas"]
[Result "1/2-1/2"]
[WhiteElo "1644"]
[BlackElo "1874"]
[PlyCount "46"]
[EventDate "2015.08.26"]
[EventType "team-swiss"]
[EventRounds "8"]
[EventCountry "HUN"]
[SourceTitle "EXT 2016"]
[Source "ChessBase"]
[SourceDate "2015.10.08"]
[SourceVersion "1"]
[SourceVersionDate "2015.10.08"]
[SourceQuality "1"]

1. e4 c5 2. Nf3 e6 3. c4 Nc6 4. Nc3 Nf6 5. Be2 Qb6 6. 0-0 Be7 7. b3 0-0 8. Bb2 d6 9. d3 Nd7 10. Qd2 Nde5 11. Nxe5 dxe5 12. f4 exf4 13. Qxf4 Nd4 14. Bh5 g6 15. Bd1 Qd8 16. Ne2 Bg5 17. Qg3 Bf6 18. e5 Nxe2+ 19. Bxe2 Bg7 20. Qe3 b6 21. Bf3 Rb8 22. d4 cxd4 23. Bxd4 Bb7 1/2-1/2

[Event "HUN-chT U18"]
[Site "Budapest"]
[Date "2015.08.26"]
[Round "1.42"]
[White "Tancsa, Tamas"]
[Black "Miseta, Nora"]
[Result "0-1"]
[WhiteElo "1442"]
[BlackElo "1644"]
[PlyCount "48"]
[EventDate "2015.08.26"]
[EventType "team-swiss"]
[EventRounds "8"]
[EventCountry "HUN"]
[SourceTitle "EXT 2016"]
[Source "ChessBase"]
[SourceDate "2015.10.08"]
[SourceVersion "1"]
[SourceVersionDate "2015.10.08"]
[SourceQuality "1"]

1. d4 d5 2. f4 Nf6 3. e3 e6 4. c3 c5 5. Bd3 Nc6 6. Nf3 Be7 7. Nbd2 0-0 8. 0-0 a6 9. Ne5 Qc7 10. Rf3 h6 11. Rg3 Nxe5 12. fxe5 Ne8 13. Qh5 Kh8 14. Rg6 fxg6 15. Qxg6 Rf5 16. Qxe8+ Kh7 17. g4 Bg5 18. gxf5 Bxe3+ 19. Kf1 exf5 20. Bxf5+ Bxf5 21. Qxa8 Bd3+ 22. Kg2 Qf7 23. Kh1 Qf1+ 24. Nxf1 Be4# 0-1

[Event "HUN-ch U16 Girls"]
[Site "Balatonlelle"]
[Date "2013.06.27"]
[Round "7"]
[White "Arvai, Eszter"]
[Black "Miseta, Nora"]
[Result "1-0"]
[WhiteElo "1889"]
[BlackElo "1619"]
[PlyCount "115"]
[EventDate "2013.??.??"]
[EventType "tourn"]
[EventRounds "9"]
[EventCountry "HUN"]
[SourceTitle "EXT 2014"]
[Source "ChessBase"]
[SourceDate "2013.11.20"]
[SourceVersion "1"]
[SourceVersionDate "2013.11.20"]
[SourceQuality "1"]

1. e4 c5 2. Nf3 Nc6 3. d3 g6 4. g3 Bg7 5. Bg2 e5 6. c3 d6 7. 0-0 Nge7 8. Be3 f5 9. exf5 gxf5 10. Ng5 0-0 11. Qb3+ d5 12. Bxc5 Kh8 13. Qd1 h6 14. Qh5 Kg8 15. Nf3 f4 16. Nh4 Rf7 17. c4 Be6 18. Qe2 Rc8 19. Na3 b6 20. Bxe7 Nxe7 21. Rac1 Nc6 22. Nc2 Rfc7 23. b3 Rd7 24. Rfd1 Bf6 25. Nf3 Bf5 26. Nfe1 Ne7 27. Nb4 Bg5 28. Nf3 dxc4 29. dxc4 fxg3 30. Nxg5 gxf2+ 31. Kxf2 hxg5 32. Rxd7 Qxd7 33. Rd1 Qc7 34. Nd5 Nxd5 35. Bxd5+ Kg7 36. Re1 Re8 37. Qh5 Qc5+ 38. Kg2 Qe7 39. h4 Bg6 40. Qxg5 Qxg5+ 41. hxg5 Bf5 42. Kf3 Kg6 43. Rg1 Rg8 44. Be4 Bxe4+ 45. Kxe4 Re8 46. b4 Rc8 47. Rc1 Kxg5 48. Kxe5 Kg6 49. Ke6 Re8+ 50. Kd7 Re2 51. c5 bxc5 52. bxc5 Rxa2 53. c6 Rd2+ 54. Kc8 Rb2 55. c7 Kf7 56. Kd7 Rb7 57. Kc6 Rb6+ 58. Kc5 1-0

[Event "HUN-ch U16 Girls"]
[Site "Balatonlelle"]
[Date "2013.06.21"]
[Round "1"]
[White "Miseta, Nora"]
[Black "Acs, Petra"]
[Result "0-1"]
[WhiteElo "1619"]
[BlackElo "1699"]
[PlyCount "74"]
[EventDate "2013.??.??"]
[EventType "tourn"]
[EventRounds "9"]
[EventCountry "HUN"]
[SourceTitle "EXT 2014"]
[Source "ChessBase"]
[SourceDate "2013.11.20"]
[SourceVersion "1"]
[SourceVersionDate "2013.11.20"]
[SourceQuality "1"]

1. e4 e6 2. d4 d5 3. Nd2 dxe4 4. Nxe4 Bd7 5. Nf3 Bc6 6. Bd3 Nd7 7. 0-0 Ngf6 8. Ng3 Be7 9. Re1 0-0 10. Qe2 b6 11. Ba6 Rb8 12. c4 Bb7 13. Bxb7 Rxb7 14. Ne5 Nxe5 15. dxe5 Nd7 16. Bf4 Bg5 17. Qf3 Rb8 18. Rad1 Bxf4 19. Qxf4 Qe7 20. Qg4 Kh8 21. Re3 Rbd8 22. Rde1 h6 23. Nh5 Qg5 24. Qe2 Rg8 25. Rg3 Qf5 26. Re3 Nc5 27. Ng3 Qg6 28. Rd1 a5 29. a3 a4 30. f4 Nb3 31. Red3 Nc1 32. Rxc1 Qxd3 33. Qxd3 Rxd3 34. Rc2 Rgd8 35. Ne4 R3d4 36. Nf2 Rd2 37. Rc1 Rxb2 0-1

[Event "HUN-chT2 Charousek 1213"]
[Site "Hungary"]
[Date "2012.11.18"]
[Round "4"]
[White "Miseta, Nora"]
[Black "Fur, Katinka"]
[Result "0-1"]
[WhiteElo "1583"]
[BlackElo "2038"]
[PlyCount "46"]
[EventDate "2012.09.16"]
[EventType "team-tourn"]
[EventRounds "11"]
[EventCountry "HUN"]
[SourceTitle "EXT 2014"]
[Source "ChessBase"]
[SourceDate "2013.11.20"]
[SourceVersion "1"]
[SourceVersionDate "2013.11.20"]
[SourceQuality "1"]
[WhiteTeam "Aquaprofit II"]
[BlackTeam "Balatonfuered"]
[WhiteTeamCountry "HUN"]
[BlackTeamCountry "HUN"]

1. e4 e6 2. d4 d5 3. Nc3 Nf6 4. e5 Nfd7 5. f4 c5 6. Be3 Nc6 7. Nf3 Be7 8. Bd3 a6 9. 0-0 g6 10. Ne2 c4 11. Bxc4 dxc4 12. Nd2 b5 13. Ne4 Nb6 14. c3 Bb7 15. Ng5 Nd5 16. Qc1 Qb6 17. Nf3 Rc8 18. Bf2 a5 19. Bh4 Bf8 20. Ng5 Nce7 21. Ne4 Nf5 22. Nf6+ Nxf6 23. Bxf6 Rg8 0-1

[Event "HUN-ch U14 Girls"]
[Site "Balatonlelle"]
[Date "2012.06.29"]
[Round "8"]
[White "Miseta, Nora"]
[Black "Laszlo, Debora"]
[Result "0-1"]
[WhiteElo "1608"]
[BlackElo "1529"]
[PlyCount "60"]
[EventDate "2012.06.22"]
[EventType "tourn"]
[EventRounds "9"]
[EventCountry "HUN"]
[SourceTitle "EXT 2014"]
[Source "ChessBase"]
[SourceDate "2013.11.20"]
[SourceVersion "1"]
[SourceVersionDate "2013.11.20"]
[SourceQuality "1"]

1. e4 c5 2. Nf3 e6 3. d4 cxd4 4. Nxd4 a6 5. Bd3 Bc5 6. Nb3 Ba7 7. Qg4 Nf6 8. Qg3 d6 9. c4 Nc6 10. Nc3 Ne5 11. Be2 0-0 12. Bh6 Ng6 13. Bg5 h6 14. Bd2 e5 15. h4 Kh8 16. Bg5 Rg8 17. Nd5 Nxe4 18. Qf3 Nxg5 19. hxg5 Qxg5 20. Rh5 Qd8 21. Qxf7 Nh4 22. Ne7 Rf8 23. Ng6+ Nxg6 24. Qxg6 Bxf2+ 25. Kd1 Qf6 26. Qe4 Qf4 27. Nd2 Be3 28. Bd3 Qxe4 29. Nxe4 Bg4+ 30. Be2 Bxh5 0-1

[Event "HUN-chT2 Charousek 1112"]
[Site "Hungary"]
[Date "2012.04.22"]
[Round "9"]
[White "Banszegi, Attila"]
[Black "Miseta, Nora"]
[Result "1-0"]
[WhiteElo "1964"]
[BlackElo "1605"]
[PlyCount "65"]
[EventDate "2011.09.25"]
[EventType "team-tourn"]
[EventRounds "11"]
[EventCountry "HUN"]
[SourceTitle "EXT 2013"]
[Source "ChessBase"]
[SourceDate "2012.11.22"]
[SourceVersion "1"]
[SourceVersionDate "2012.11.22"]
[SourceQuality "1"]
[WhiteTeam "Kisber Aszar"]
[BlackTeam "Aquaprofit II"]
[WhiteTeamCountry "HUN"]
[BlackTeamCountry "HUN"]

1. e4 e5 2. Nf3 Nc6 3. Bb5 a6 4. Ba4 Nf6 5. 0-0 Be7 6. c3 b5 7. Bb3 Bb7 8. d4 d6 9. Re1 0-0 10. Nbd2 Rb8 11. Nf1 Nd7 12. Ng3 Bf6 13. Nh5 h6 14. h3 Re8 15. d5 Ne7 16. Be3 Ng6 17. Qd2 Nc5 18. Bc2 Be7 19. Kh2 c6 20. Rad1 cxd5 21. exd5 Nd7 22. g4 Nf6 23. Nxf6+ Bxf6 24. g5 hxg5 25. Nxg5 Nf4 26. Bxf4 exf4 27. Qd3 Be5 28. Qh7+ Kf8 29. Qh8+ Ke7 30. Qxg7 Kd7 31. Qxf7+ Re7 32. Bf5+ Kc7 33. Ne6+ 1-0